| 000 | 00000nam##2200000za#4500 |
| 001 | 9.575702 |
| 003 | CaOODSP |
| 005 | 20210624184805 |
| 007 | cr ||||||||||| |
| 008 | 150406|2009||||xxc|||||o f|0| 0 eng|d |
| 040 | |aCaOODSP|beng |
| 043 | |an-cn--- |
| 086 | 1 |aTU3-5/09-4E-PDF |
| 110 | 2 |aTransportation Safety Board of Canada. |
| 245 | 10|aControlled flight into trees - Piper PA-28-140, C-FRZH Buckland, Quebec, 06 January 2009 |h[electronic resource] |
| 260 | |aGatineau - Quebec : |bTransportation Safety Board of Canada |c[2009]. |
| 300 | |a13p.|bfig., references |
| 490 | 1 |aAviation investigation report |vA09Q0003 |
| 590 | |a13-06-Supp|b2013-03-19 |
| 775 | 08|tImpact avec les arbres sans perte de contrôle du Piper PA28-140 C-FRZH à Buckland (Québec), le 6 janvier 2009 |w(CaOODSP)9.605175 |
| 830 | #0|aAviation investigation report ;|vA09Q0003|w(CaOODSP)9.504825 |
| 856 | 40|ahttp://publications.gc.ca|qPDF|s299 KB|uhttps://publications.gc.ca/collections/collection_2013/bst-tsb/TU3-5-09-4-eng.pdf|yA09Q0003 |